000 004620000a22001810004500
003 MACL
005 20150812154614.0
008 150812b xxu||||| |||| 00| 0 eng d
040 _aMACL
_cMACL
041 _aEnglish
082 _a370/RAJ
100 _aRaju, Vetukuri P S
_95056
245 _aEducation of The Masses
_bA Quest for Pedagogy
260 _bShipra Publications
_c2007
_aDelhi
350 _a400
650 _aEducational
_91164
942 _cBK
_k370
_2ddc
999 _c8037
_d8037